Resulton Quiz - Statistics

General Stats
  • This quiz has been taken 9 times
  • The average score is 8 of 10
Answer Stats
Diffuclty: numbers, plus, numbers and equals Answer % Correct
Medium 6 + 6 = 12
100%
Medium 8 + 7 = 15
100%
Hard 23 + 7 = 30
100%
Easy 2 + 2 = 4
100%
Easy 1 + 1 = 2
80%
Medium 10 + 10 = 20
80%
G-SMI-Imposi-b-impossible 73,937,219,749 + 8,389,183,946 = 82,32,64,03,695
75%
Very Impossible 5 + 9,000 = 9,005
75%
Impossible 1,828 + 927 = 2,755
60%
Hard 41 + 32 = 73
60%
Very Extra Impossible 900 + 2,000,000 = 2,000,090
0%
No matching quizzes found
Score Distribution
Percent of People with Each Score
Percentile by Number Answered
Your Score History
You have not taken this quiz